00241 a2200121 4500001000700000020000600007040001100013100002400024240002900048245002400077362000900101440000900110173876 a  cMagnum aAlbergaria, Lino de10aA caverna dos elfoslpor10aA caverna dos elfos0 a1899 1aLè‚